00573nam a2200169Ia 4500008004100000100002200041245007200063245005900135260003000194260000900224300002400233440005100257650002700308650002400335650002600359650001800385190427s9999 xx 000 0 und d aBoakye, Kwabena G aToward an integrated decision-making model for consumer electronic/ cKwabena G. Boakye, Chung Yean Chiang, and Xiao Tang.-- bTaylor and Francis Group  c2018 apages 264-273, 2018 aJournal of Computer Inforamation Systemv58(3) aContinuance Intentions aCustomer experience aCustomer value theory aHedonic Value